| 000 | 00000nam##2200000za#4500 |
| 001 | 9.667414 |
| 003 | CaOODSP |
| 005 | 20210615123516 |
| 007 | ta |
| 008 | 150407|2006||||xxc||||| f|0| 0 fre|d |
| 020 | |a0-662-49050-9 |
| 040 | |aCaOODSP|bfre |
| 041 | |aeng |
| 041 | |afre |
| 043 | |an-cn--- |
| 086 | 1 |aCH1-3/2006 |
| 110 | 1 |aCanada. |bPatrimoine canadien. |
| 245 | 10|aGuide des programmes d'appui financier de Patrimoine canadien |
| 260 | |aOttawa - Ontario : |bPatrimoine canadien |c2006. |
| 300 | |aTexte français, [5], 96p. ; |c28 cm. |
| 500 | |a«Printemps 2006». |
| 520 | 3 |aCe document est un guide des programmes de subventions, de bourses, de crédits d’impôt et autres programmes d’appui financier offerts par le ministère du Patrimoine canadien dans les catégories suivantes : les autochtones, les arts et la culture, le patrimoine du Canada, notre mémoire numérique, le multiculturalisme, les langues officielles, le sport et les jeunes. On y trouvera une brève description de chacun des programmes suivie de renseignements sur les personnes qui peuvent présenter une demande, quand elles peuvent le faire et où. Les programmes changent de temps en temps, c’est pourquoi on encourage les lecteurs à consulter le site Web du ministère (www.patrimoinecanadien.gc.ca) afin qu’ils y trouvent les renseignements les plus récents. |
| 563 | |aReliure à spirale |
| 590 | |a06-18|b2006-05-05 |
| 691 | 07|aAide financière|2gcpds |
| 691 | 07|aPatrimoine|2gcpds |
| 691 | 07|aProgramme d'aide|2gcpds |
| 776 | 0#|tGuide des programmes d'appui financier de Patrimoine canadien |w(CaOODSP)9.632643 |
| 776 | 0#|tGuide to Canadian Heritage financial support programs |w(CaOODSP)9.688211 |
| 791 | |tGuide to Canadian Heritage financial support programs |eeng|w(CaOODSP)9.667413 |